Statystyki dla Jeszcze 5 Minut - Piosenki

Kliknij tutaj aby rozwiązać quiz!

Ogólne statystyki

  • Ten quiz został rozwiązany 10 razy
  • Średni wynik to 9 z 16

Statystyki odpowiedzi

HintOdpowiedź% Poprawnych
10Disney
78%
2Król Balu
78%
1MTS
78%
7OXA
78%
9Aladin
67%
4Jeszcze Pięć Minut
67%
11Pogo
67%
8Forma
56%
15Nasze Lato
56%
6OJEJ
56%
16OJEJ (Remix)
56%
13Zdrowie
56%
14Wrrrum
44%
5Dobrze
33%
12Mam Do Tego Nosa
33%
3Z Nadzieją
22%

Rozkład punktacji

Percentyl według liczby udzielonych odpowiedzi

Procent ludzi z każdym wynikiem

Twoja historia wyników

Nie rozwiązałeś tego quizu